00441nam a2200133Ia 4500008004100000041000800041082000800049100002100057245003600078260002800114906001200142999001700154952013600171221007s9999 xx 000 0 und d aeng bTHE aThe Times996831 aNoble Prize Winners in Pictures c2006bThe TimesaMumbai bGeneral c61273d61273 00104070aHIMRbHIMRd2006-08-03eSatya Gilanig200.00l0o THEpHIMR-AV-580r2022-10-07 00:00:00v200.00w2006-08-03yVCzAV0580